000
00286nam a2200109Ia 4500
008
200302s9999 xx 000 0 und d
100
_a
Rakesh Hooja & Other
245
_a
Decentralized Planning in Multilevel Framework
260
_b
Rawat Publications
260
_c
1993
300
_a
385 P.,
999
_c
5602
_d
5602